Pełnometrażowe animowane filmy Disney'a - Statystyki

Ogólne statystyki
  • Ten quiz został rozwiązany 2 892 razy
    273 od ostatniego zresetowania
  • Średni wynik to 22 z 72
Statystyki odpowiedzi
Rok Wydania Uwagi Tytuł % Poprawnych
1937 n/d Królewna Śnieżka i Siedmiu Krasnoludków
84%
1950 n/d Kopciuszek
82%
1959 n/d Śpiąca Królewna
82%
2013 n/d Kraina Lodu
75%
1991 n/d Piękna i Bestia
75%
1998 n/d Mulan
70%
1994 n/d Król Lew
69%
1989 n/d Mała Syrenka
68%
2010 n/d Zaplątani
67%
1995 n/d Pocahontas
62%
1961 n/d 101 Dalmatyńczyków
56%
1992 n/d Aladyn
55%
1955 n/d Zakochany Kundel
55%
1942 n/d Bambi
54%
2009 n/d Księżniczka i Żaba
54%
2016 n/d Vaiana: Skarb Oceanu
54%
2019 n/d Kraina Lodu 2
47%
1967 n/d Księga Dżungli
46%
1941 n/d Dumbo
45%
1953 n/d Piotruś Pan
45%
1999 n/d Tarzan
45%
2016 n/d Zwierzogród
45%
1940 n/d Pinokio
43%
1997 n/d Herkules
41%
2012 n/d Ralph Demolka
41%
2021 n/d Nasze Magiczne Encanto
37%
1951 n/d Alicja w Krainie Czarów
35%
1996 n/d Dzwonnik z Notre Dame
35%
2002 n/d Lilo i Stich
35%
2003 n/d Mój Brat Niedźwiedź
34%
2000 n/d Nowe Szaty Króla
34%
2001 n/d Atlantyda: Zaginiony Ląd
31%
1940 n/d Fantazja
29%
2023 n/d Życzenie
26%
2008 n/d Piorun
25%
2015 n/d Dzwoneczek i Bestia z Nibylandii
24%
2025 przed premierą Zwierzogród 2
24%
1973 n/d Robin Hood
23%
1977 n/d Bernard i Bianka
20%
2024 n/d Vaiana 2
20%
2027 przed premierą Kraina Lodu 3
19%
1981 n/d Lis i Pies
19%
2018 n/d Ralph Demolka w Internecie
19%
2021 n/d Raya i Ostatni Smok
19%
1970 n/d Aryskotraci
17%
2005 n/d Kurczak Mały
17%
2015 n/d Wielka Szóstka
17%
2002 n/d Planeta Skarbów
16%
2004 n/d Rogate Ranczo
14%
1963 n/d Miecz w Kamieniu
13%
2000 n/d Dinozaur
12%
2022 n/d Dziwny Świat
11%
1990 n/d Kacze Opowieści: Poszukiwacze zaginionej lampy
11%
1986 n/d Wielki Mysi Detektyw
11%
1985 n/d Taran i Magiczny Kocioł
9%
1977 n/d Przygody Kubusia Puchatka
8%
2007 n/d Rodzinka Robinsonów
8%
1999 n/d Fantazja 2000
7%
1988 Film fabularno-animowany Kto Wrobił Królika Rogera
7%
1990 n/d Bernard i Bianka w Krainie Kangurów
6%
1988 n/d Oliwer i Spółka
6%
1993 n/d Miasteczko Halloween
5%
1995 n/d Goofy na Wakacjach
4%
1948 n/d Kolorowe Melodie
4%
1949 n/d Przygody Ichaboda i Pana Ropucha
4%
1942 n/d Saludos Amigos
4%
1944 n/d Trzech Caballeros
2%
2012 n/d Frankenweenie
1%
1947 Brak polskiego tyutłu Fun and Fancy Free
1%
1996 n/d Jakubek i Brzoskwinia Olbrzymka
1%
1946 Brak polskiego tytułu Make Mine Music
1%
1946 Film fabularno-animowany Pieśń Południa
1%
Nie znaleziono quizów pasujących do podanych kryteriów
Rozkład punktacji
Procent ludzi z każdym wynikiem
Percentyl według liczby udzielonych odpowiedzi
Twoja historia wyników
Nie rozwiązałeś tego quizu od ostatniego zresetowania